Vida y Pensamiento /

Պահպանված է:
Մատենագիտական մանրամասներ
Ձևաչափ: Գիրք
Լեզու:Spanish
Հրապարակվել է: San José, Costa Rica: Universidad Bíblica Latinoamericana
Խորագրեր:
Ցուցիչներ: Ավելացրեք ցուցիչ
Չկան պիտակներ, Եղեք առաջինը, ով նշում է այս գրառումը!

MARC

LEADER 00000nam a22000007a 4500
003 cru IIS
005 20220323131917.0
008 220323n cr f||p|r|||| 00| 0 spa d
022 |a 10196366 
040 |c cru IIS 
090 |a REV1669 
245 |a Vida y Pensamiento /  |c Universidad Bíblica Latinoamericana  
260 |a San José, Costa Rica:  |b Universidad Bíblica Latinoamericana  
500 |a EXISTENCIAS : 2006 26(1) 
650 0 |9 2795  |a RELIGION 
650 0 |9 839  |a PROBLEMAS SOCIALES 
942 |2 ddc  |c PP 
999 |c 44156  |d 44156